Países más cercanos a Colombia - Estadísticas

Estadísticas generales
  • Esta prueba ha sido intentada 485 veces
  • La puntuación promedio es 14 de 20
Estadísticas de respuestas
km país % Correcto
0 Venezuela
100%
0 Brasil
99%
0 Ecuador
99%
0 Perú
99%
0 Panamá
98%
728 Nicaragua
84%
559 Costa Rica
83%
665 Guyana
82%
944 Honduras
72%
573 República Dominicana
72%
621 Haití
71%
891 Cuba
69%
781 Jamaica
69%
745 Trinidad y Tobago
61%
765 Estados Unidos
en Puerto Rico
52%
970 San Vicente y las Granadinas
48%
896 Granada
43%
125 Aruba
32%
214 Curazao
28%
294 Países Bajos
en Bonaire
26%
No se encontraron pruebas coincidentes
Distribución de puntuación
Porcentaje de gente con cada puntuación
Porcentaje por número respondido
Historial de tus puntuaciones
No has intentado esta prueba.